000 00574nam a2200205Ia 4500
003 GCL
008 140319s9999 xx 000 0 ara d
040 _aGCL /
_cGCL
082 0 4 _a801.95
_bت ف
100 1 _aزكى نجيب محمود
245 1 0 _aفنون الادب /
_cزكى نجيب محمود
700 1 _aتشارلين، هـ . ب .
300 _a183 ص
490 _aسلسلة الفكر الحديث
_v0
650 0 4 _aالادب - تاريخ ونقد
650 0 4 _aالشعر
650 0 4 _aالقصة
650 0 4 _aالمسرحية
942 _2ddc
_cBK
999 _c41037
_d41037